| 000 -LEADER |
| fixed length control field |
00698cam a2200205 a 4500 |
| 020 ## - INTERNATIONAL STANDARD BOOK NUMBER |
| ISBN |
0321022947 |
| 040 ## - CATALOGING SOURCE |
| Transcribing agency |
DLC |
| 082 00 - DEWEY DECIMAL CLASSIFICATION NUMBER |
| Classification number |
510 ADD 1999 A058 Or. |
| 100 1# - MAIN ENTRY--AUTHOR NAME |
| Personal name |
Lial, Margaret L. |
| 245 10 - TITLE STATEMENT |
| Title |
Mathematics with applications : |
| Remainder of title |
in the management, natural, and social sciences. |
| 250 ## - EDITION STATEMENT |
| Edition statement |
7th ed. / |
| 260 ## - PUBLICATION, DISTRIBUTION, ETC. (IMPRINT) |
| Place of publication |
Reading, Mass. : |
| Name of publisher |
Addison-Wesley, |
| Year of publication |
c1999. |
| 300 ## - PHYSICAL DESCRIPTION |
| Number of Pages |
xv, 804, 38, 22 p. : |
| Other physical details |
ill. (some col.) ; |
| Dimensions |
26 cm. |
| 500 ## - GENERAL NOTE |
| General note |
Rev. ed. of: Mathematics with applications in the management, natural, and social sciences. 6th ed. c1996. |
| 500 ## - GENERAL NOTE |
| General note |
Includes indexes. |
| 650 #0 - SUBJECT ADDED ENTRY--TOPICAL TERM |
| Topical Term |
Mathematics. |
| 700 1# - ADDED ENTRY--PERSONAL NAME |
| Personal name |
Hungerford, Thomas W. |
| 700 1# - ADDED ENTRY--PERSONAL NAME |
| Personal name |
Lial, Margaret L. |
| 942 ## - ADDED ENTRY ELEMENTS (KOHA) |
| Koha item type |
សៀវភៅភាសាអង់គ្លេស |
| 952 ## - LOCATION AND ITEM INFORMATION (KOHA) |
| Withdrawn status [LOCAL, KOHA] |
0 |